| 000 | 00606cam a22002411 4500 | ||
|---|---|---|---|
| 001 | 9368848 | ||
| 005 | 20180220034446.0 | ||
| 008 | 810725s1961 xx a 000 0 eng | ||
| 010 | _a 61009980 | ||
| 015 | _aGB61-14421 | ||
| 035 | _a(OCoLC)14606607 | ||
| 040 |
_aDLC _cDNLM _dOClW-H _dUk _dDLC |
||
| 041 | _aeng | ||
| 042 | _apremarc | ||
| 060 | 0 |
_a615.7 _bG684m 1961 |
|
| 080 | _a615.7 | ||
| 082 | _a615.7 GOTH | ||
| 100 | 1 | _a5 | |
| 101 | _aSHF | ||
| 245 | 1 | 0 |
_aMedical pharmacology; principles and concepts. _cGoth, A |
| 906 |
_a7 _bcbc _coclcrpl _du _encip _f19 _gy-gencatlg |
||
| 942 |
_2ddc _cBK |
||
| 999 |
_c42877 _d42877 |
||